书目信息 |
| 题名: |
丝绸锦缎
|
|
| 作者: | 肖东发 主编 ;戚光英 编著 | |
| 分册: | ||
| 出版信息: | 北京 现代出版社 2015 |
|
| 页数: | 164页 | |
| 开本: | 24cm | |
| 丛书名: | 中华精神家园 | |
| 单 册: | ||
| 中图分类: | TS1-092 | |
| 科图分类: | ||
| 主题词: | 纺织工业--技术史--中国--古代 | |
| 电子资源: | ||
| ISBN: | 978-7-5143-3047-2 | |
| 000 | 01076nam0 2200265 450 | |
| 001 | 0103809502 | |
| 005 | 20160705141822.0 | |
| 010 | @a978-7-5143-3047-2@dCNY29.80 | |
| 100 | @a20160414d2015 em y0chiy0120 ea | |
| 101 | 0 | @achi |
| 102 | @aCN@b110000 | |
| 105 | @aa z 000yy | |
| 106 | @ar | |
| 200 | 1 | @a丝绸锦缎@9Si Chou Jin Duan @e古代纺织精品与布艺@f肖东发主编@g戚光英编著@b专著 |
| 210 | @a北京@c现代出版社@d2015 | |
| 215 | @a164页@c彩图@d24cm | |
| 225 | 1 | @a中华精神家园@i衣食天下 |
| 330 | @a本书分为美的源泉——丝行天下、华夏神韵——彩绸飞舞、中华一绝——锦绣辉煌、闪亮时代——缎映华光、多彩织品——麻棉布艺等。具体内容包括:古代的蚕丝纺织技术、日趋完善的丝织机具、蓬勃发展的汉代丝绸业、明清著名绸制品与工艺、两汉时的织锦与刺绣、唐代经锦和纬锦的风采等。 | |
| 517 | 1 | @a古代纺织精品与布艺@9gu dai fang zhi jing pin yu bu yi |
| 606 | 0 | @a纺织工业@x技术史@y中国@z古代 |
| 690 | @aTS1-092@v5 | |
| 701 | 0 | @a肖东发@9xiao dong fa@f(1949~2016)@4主编 |
| 702 | 0 | @a戚光英@9qi guang ying@4编著 |
| 801 | 0 | @aCN@bJL@c20150907 |
| 905 | @aBZT@dTS1-092@e5@f4@sTS1-092/5 | |
| 丝绸锦缎:古代纺织精品与布艺/肖东发主编/戚光英编著.-北京:现代出版社,2015 |
| 164页:彩图;24cm.-(中华精神家园.衣食天下) |
| ISBN 978-7-5143-3047-2:CNY29.80 |
| 本书分为美的源泉——丝行天下、华夏神韵——彩绸飞舞、中华一绝——锦绣辉煌、闪亮时代——缎映华光、多彩织品——麻棉布艺等。具体内容包括:古代的蚕丝纺织技术、日趋完善的丝织机具、蓬勃发展的汉代丝绸业、明清著名绸制品与工艺、两汉时的织锦与刺绣、唐代经锦和纬锦的风采等。 |
| ● |
| 相关链接 |
|
|
|
正题名:丝绸锦缎
索取号:TS1-092/5
 
预约/预借
| 序号 | 登录号 | 条形码 | 馆藏地/架位号 | 状态 | 备注 |
| 1 | 2000057718 | 2000057718 | 旧书回溯/ [索取号:TS1-092/5] | 在馆 | |
| 2 | 2000057719 | 2000057719 | 旧书回溯/ [索取号:TS1-092/5] | 在馆 | |
| 3 | 2000057720 | 2000057720 | 旧书回溯/ [索取号:TS1-092/5] | 在馆 | |
| 4 | 2000058459 | 2000058459 | 旧书回溯/ [索取号:TS1-092/5] | 在馆 |